书目信息 |
| 题名: |
哈同新传
|
|
| 作者: | 王晓萌 著 | |
| 分册: | ||
| 出版信息: | 北京 东方出版社 2014.05 |
|
| 页数: | 288页 | |
| 开本: | 23cm | |
| 丛书名: | ||
| 单 册: | ||
| 中图分类: | K835.615.38 | |
| 科图分类: | ||
| 主题词: | ||
| 电子资源: | ||
| ISBN: | 978-7-5060-7150-5 | |
| 000 | 00941nam0 2200289 450 | |
| 001 | 0100140837 | |
| 005 | 20141020221722.0 | |
| 010 | @a978-7-5060-7150-5@dCNY42.80 | |
| 100 | @a20140609d2014 em y0chiy50 ea | |
| 101 | 0 | @achi |
| 101 | 11 | @achi |
| 102 | @aCN@b110000 | |
| 105 | @aa z 000yb | |
| 106 | @ar | |
| 200 | 1 | @a哈同新传@Aha tong xin zhuan@b专著@f王晓萌著@Fwang xiao meng zhu |
| 210 | @a北京@c东方出版社@d2014.05 | |
| 215 | @a288页@c图,照片@d23cm | |
| 300 | @a名人 新传系列 | |
| 330 | @a本书记述了具有犹太血统的英国商人哈同的大班之路。内容包括:最后一个穷人、东方的黄金梦想、上海大班、皇帝的新装、黄泉路上也是穷光蛋等。 | |
| 540 | @a哈同新传 | |
| 600 | 0 | @a哈同@c(Hardoon, Silas Aaron@f1851-1931) |
| 600 | 0 | @a哈同@c(Hardoon, Silas Aaron@f1851-1931)@x传记 |
| 690 | @aK835.615.38@v5 | |
| 701 | 0 | @a王晓萌@Awang xiao meng@4著 |
| 801 | @aCN | |
| 901 | @a001 | |
| 905 | @b1104286-8@dK835.615.38@eW384@f3@a241430 | |
| 哈同新传/王晓萌著.-北京:东方出版社,2014.05 |
| 288页:图,照片;23cm |
| 名人 新传系列 |
| ISBN 978-7-5060-7150-5:CNY42.80 |
| 本书记述了具有犹太血统的英国商人哈同的大班之路。内容包括:最后一个穷人、东方的黄金梦想、上海大班、皇帝的新装、黄泉路上也是穷光蛋等。 |
| ● |
| 相关链接 |
|
|
|
正题名:哈同新传
索取号:K835.615.38/W384
 
预约/预借
| 序号 | 登录号 | 条形码 | 馆藏地/架位号 | 状态 | 备注 |
| 1 | 1104286 | 211042860 | 社科库309/309社科库 102排3列3层/ [索取号:K835.615.38/W384] | 在馆 | |
| 2 | 1104287 | 211042879 | 社科库309/309社科库 102排3列3层/ [索取号:K835.615.38/W384] | 在馆 | |
| 3 | 1104288 | 211042888 | 社科库309/309社科库 102排3列3层/ [索取号:K835.615.38/W384] | 在馆 |